000 01704nam a2200553 i 4500
001 991021601059705066
003 NyNyJPI
005 20260408204855.0
008 140224s2013 pl |000 0 pol
009 b0000003021883
015 _aUWD 2014/8584
020 _a9788393576074
035 _a991021601059705066
035 _a(PL-WaBN)b30218834-48omnis_nlop
035 _ab30218834
035 _a(OCoLC)864883192
035 _axx002973284
035 _a(PL)b0000003021883
035 _a(EXLNZ-48OMNIS_NETWORK)9910190144505606
040 _aWA N
_cWA N
_dWA N
080 _a929-052(438)"10"
080 _a929-052(438)"11"
080 _a94(438).02"10"
080 _a94(438).02"11"
084 _a01
100 1 _aRosik, Stanisław
_d(1969- )
245 1 0 _aBolesław Krzywousty /
_cStanisław Rosik.
260 _aWrocław :
_bChronicon Wydawnictwo,
_c2013.
300 _a339 s. ;
_c24 cm.
336 _aTekst
_btxt
_2rdacontent
337 _aBez urządzenia pośredniczącego
_bn
_2rdamedia
338 _aWolumin
_bnc
_2rdacarrier
380 _aKsiążki
490 1 _aBiographiae ;
_v1
504 _aBibliogr. s. 317-339. Indeks.
600 0 7 _aBolesław Krzywousty
_c(książę Polski ;
_d1086-1138)
_2DBN
600 1 0 _aBolesław
_bIII,
_cKing of Poland,
_d1085-1138
648 7 _a1001-1100
_2DBN
648 7 _a1101-1200
_2DBN
651 7 _aWładcy
_zPolska
_y12 w.
_2DBN
651 0 _aPoland
_xHistory
_yBoleslaus III, 1102-1138
651 0 _aPoland
_xKings and rulers
_vBiography
651 7 _aPolska
_2DBN
655 7 _aBiografia
_2DBN
658 _aHistoria
710 2 _aWydawnictwo Chronicon, Joanna Rosik
_4pbl
830 0 _aBiographiae
_v1
942 _2z
_cBK
_n0
999 _c91086
_d91086